Lí thuyết và kĩ thuật anten
v..v
Đã lưu trong:
| Tác giả chính: | |
|---|---|
| Định dạng: | Sách |
| Năm xuất bản: |
H.
Khoa học và kỹ thuật
1997
|
| Chủ đề: | |
| Tags: |
Thêm thẻ
Không có thẻ, Hãy là người đầu tiên gắn thẻ bản ghi này!
|
| LEADER | 00536nam a2200169 4500 | ||
|---|---|---|---|
| 082 | |a 621.3824 |b PH105A | ||
| 100 | |a Phan Anh | ||
| 245 | |a Lí thuyết và kĩ thuật anten |c Phan Anh | ||
| 260 | |a H. |b Khoa học và kỹ thuật |c 1997 | ||
| 300 | |a 444 tr |c 27 cm | ||
| 520 | |a v..v | ||
| 653 | |a Anten | ||
| 653 | |a Lý thuyết | ||
| 653 | |a Truyền thông | ||
| 942 | |2 ddc |c SH | ||
| 999 | |c 7530 |d 7530 | ||
| 952 | |0 0 |1 0 |2 ddc |4 0 |6 621_382400000000000_PH105A |7 0 |8 600 |9 67984 |a qbu |b qbu |c D3 |d 2015-02-13 |o 621.3824 PH105A |p 7108.c1 |r 0000-00-00 |w 2015-02-13 |y SH | ||